[Event "TUR Cup"]
[Site "Antalya"]
[Date "2019.01.27"]
[Round "1"]
[White "Eryigit, Cengiz"]
[Black "Bulut, Muhammed Emin"]
[Result "1/2-1/2"]
[WhiteElo "1194"]
[BlackElo "1731"]
[PlyCount "55"]
[EventDate "2019.01.27"]
[EventType "swiss"]
[EventRounds "11"]
[EventCountry "TUR"]
[SourceTitle "CBM 188 Extra"]
[Source "ChessBase"]
[SourceDate "2019.02.26"]
[SourceVersion "1"]
[SourceVersionDate "2019.02.26"]
[SourceQuality "1"]

1. e4 d5 2. exd5 Nf6 3. c4 e6 4. Qa4+ c6 5. Nc3 exd5 6. cxd5 Nxd5 7. Qe4+ Be6 8. a3 Nd7 9. Nxd5 cxd5 10. Qa4 Bd6 11. d4 0-0 12. Bd3 Qe7 13. Ne2 Qh4 14. g3 Qh5 15. Bf4 Bxf4 16. Nxf4 Qf3 17. 0-0 Nb6 18. Qd1 Qxd1 19. Rfxd1 Bg4 20. Re1 Rfe8 21. Bb5 Rxe1+ 22. Rxe1 g5 23. Nd3 a6 24. Ne5 Bf5 25. Bd3 Bxd3 26. Nxd3 Kf8 27. b3 a5 28. Nc5 1/2-1/2

[Event "TUR-chT2"]
[Site "Konya"]
[Date "2018.07.12"]
[Round "4.10"]
[White "Incekara, Abuzer"]
[Black "Bulut, Muhammed Emin"]
[Result "0-1"]
[WhiteElo "1561"]
[BlackElo "1736"]
[PlyCount "84"]
[EventDate "2018.07.10"]
[EventType "team-swiss"]
[EventRounds "9"]
[EventCountry "TUR"]
[SourceTitle "EXT 2019"]
[Source "ChessBase"]
[SourceDate "2018.10.10"]
[SourceVersion "1"]
[SourceVersionDate "2018.10.10"]
[SourceQuality "1"]
[WhiteTeam "Kanya Gambit"]
[BlackTeam "Bitlis Dernegi"]
[WhiteTeamCountry "TUR"]
[BlackTeamCountry "TUR"]

1. e4 d5 2. exd5 Nf6 3. d4 Bg4 4. f3 Bf5 5. Bd3 Bxd3 6. Qxd3 Qxd5 7. Nc3 Qd7 8. Be3 Nc6 9. a3 e6 10. Nge2 g6 11. Ne4 Nxe4 12. fxe4 0-0-0 13. 0-0 f5 14. Rad1 Bg7 15. b4 Kb8 16. b5 Ne7 17. e5 h6 18. a4 g5 19. Qb3 f4 20. Bf2 Bxe5 21. c4 Bg7 22. a5 Rhf8 23. Nc3 Nf5 24. d5 Ne3 25. dxe6 Qxe6 26. Nd5 Nxf1 27. Kxf1 f3 28. gxf3 Qh3+ 29. Kg1 Be5 30. Bxa7+ Ka8 31. Qa2 Qxh2+ 32. Qxh2 Bxh2+ 33. Kxh2 Kxa7 34. Kg3 c6 35. b6+ Kb8 36. Ne3 Rxd1 37. Nxd1 Rf5 38. Kg4 Rxa5 39. Nc3 Rc5 40. Ne4 Rxc4 41. Kh5 Rb4 42. Kxh6 g4 0-1

[Event "TUR-chT2"]
[Site "Konya"]
[Date "2018.07.11"]
[Round "2.13"]
[White "Altin, Kadir"]
[Black "Bulut, Muhammed Emin"]
[Result "1/2-1/2"]
[WhiteElo "1635"]
[BlackElo "1736"]
[PlyCount "63"]
[EventDate "2018.07.10"]
[EventType "team-swiss"]
[EventRounds "9"]
[EventCountry "TUR"]
[SourceTitle "EXT 2019"]
[Source "ChessBase"]
[SourceDate "2018.10.10"]
[SourceVersion "1"]
[SourceVersionDate "2018.10.10"]
[SourceQuality "1"]
[WhiteTeam "Konya Selcuklu Belediyesi"]
[BlackTeam "Bitlis Dernegi"]
[WhiteTeamCountry "TUR"]
[BlackTeamCountry "TUR"]

1. d4 d5 2. c4 e5 3. e3 dxc4 4. Bxc4 exd4 5. exd4 Bb4+ 6. Nc3 Qe7+ 7. Nge2 Nf6 8. 0-0 0-0 9. Bg5 Bxc3 10. Nxc3 Qb4 11. Bb3 Bg4 12. Qd2 Nbd7 13. Rfe1 Rad8 14. Qf4 c6 15. h3 Bh5 16. Ne4 Qxd4 17. Nxf6+ Nxf6 18. Qxd4 Rxd4 19. Re7 Rb4 20. g4 Bg6 21. Bd2 Rb5 22. f4 h6 23. f5 Bh7 24. Rae1 Nd5 25. Rd7 h5 26. Bxd5 Rxd5 27. Rxd5 cxd5 28. Re7 hxg4 29. hxg4 f6 30. Rd7 Kh8 31. Rxd5 Bg8 32. Rd7 1/2-1/2

[Event "TUR Cup										"]
[Site "Antalya"]
[Date "2018.01.30"]
[Round "6"]
[White "Bulut, Muhammed Emin"]
[Black "Guven, Oguz Kagan"]
[Result "0-1"]
[WhiteElo "1699"]
[BlackElo "1988"]
[PlyCount "62"]
[EventDate "2018.01.27"]
[EventType "swiss"]
[EventRounds "11"]
[EventCountry "TUR"]
[SourceTitle "CBM 182 Extra"]
[Source "ChessBase"]
[SourceDate "2018.02.23"]
[SourceVersion "1"]
[SourceVersionDate "2018.02.23"]
[SourceQuality "1"]

1. e4 g6 2. d4 Bg7 3. Nf3 d6 4. Be3 Nf6 5. Nc3 0-0 6. Qd2 Nbd7 7. Bh6 e5 8. Bxg7 Kxg7 9. 0-0-0 Qe7 10. dxe5 dxe5 11. h3 c6 12. g4 Nc5 13. Bd3 b5 14. g5 Nh5 15. Ne2 a5 16. Ng3 Nf4 17. h4 Bg4 18. Qe3 Ng2 19. Qe2 Nxh4 20. Rxh4 Bxf3 21. Qe3 Bxd1 22. Kxd1 Ne6 23. Nf5+ gxf5 24. Rxh7+ Kxh7 25. exf5 f6 26. fxe6+ Kg8 27. Qe4 fxg5 28. Qg6+ Qg7 29. e7 Qxg6 30. exf8Q+ Rxf8 31. Bxg6 Rxf2 0-1

[Event "TUR Cup										"]
[Site "Antalya"]
[Date "2018.01.28"]
[Round "2"]
[White "Bulut, Muhammed Emin"]
[Black "Aysoy, Veysi"]
[Result "1/2-1/2"]
[WhiteElo "1699"]
[BlackElo "1928"]
[PlyCount "45"]
[EventDate "2018.01.27"]
[EventType "swiss"]
[EventRounds "11"]
[EventCountry "TUR"]
[SourceTitle "CBM 182 Extra"]
[Source "ChessBase"]
[SourceDate "2018.02.23"]
[SourceVersion "1"]
[SourceVersionDate "2018.02.23"]
[SourceQuality "1"]

1. e4 d5 2. exd5 Nf6 3. Nc3 Nxd5 4. Bc4 e6 5. Nf3 Be7 6. 0-0 0-0 7. d4 b6 8. Nxd5 exd5 9. Bd3 c5 10. c3 Bg4 11. h3 Bh5 12. Bf4 Nd7 13. Re1 Bf6 14. g4 Bg6 15. Bxg6 fxg6 16. Bd6 Rf7 17. dxc5 Nxc5 18. Qxd5 Nb7 19. Rad1 Qxd6 20. Qxb7 Qf8 21. Rd7 Rxd7 22. Qxd7 h6 23. Ne5 1/2-1/2

[Event "TUR Cup										"]
[Site "Antalya"]
[Date "2018.01.28"]
[Round "3"]
[White "Karacay, Aybar"]
[Black "Bulut, Muhammed Emin"]
[Result "1/2-1/2"]
[WhiteElo "1993"]
[BlackElo "1699"]
[PlyCount "115"]
[EventDate "2018.01.27"]
[EventType "swiss"]
[EventRounds "11"]
[EventCountry "TUR"]
[SourceTitle "CBM 182 Extra"]
[Source "ChessBase"]
[SourceDate "2018.02.23"]
[SourceVersion "1"]
[SourceVersionDate "2018.02.23"]
[SourceQuality "1"]

1. Nf3 Nf6 2. e3 c5 3. b3 d5 4. Bb5+ Bd7 5. a4 Bxb5 6. axb5 e6 7. c4 dxc4 8. bxc4 Qd3 9. Qe2 Qxe2+ 10. Kxe2 Nbd7 11. d3 Bd6 12. Bb2 0-0 13. Nbd2 a6 14. bxa6 bxa6 15. Ra2 Rfb8 16. Rha1 Rb6 17. h3 Nb8 18. Bc3 Nc6 19. Ba5 Rb7 20. Kd1 h6 21. Bc3 Rb6 22. Ba5 Rb7 23. Ra3 Nd7 24. Bc3 a5 25. Ne4 Be7 26. Ne1 f5 27. Ng3 g6 28. Ne2 e5 29. e4 fxe4 30. dxe4 Nb6 31. Rb3 Rd7+ 32. Kc2 Nb4+ 33. Bxb4 cxb4 34. Nd3 Nxc4 35. Nec1 a4 36. Rxb4 Bxb4 37. Nxb4 a3 38. Nd5 Rb7 39. Nd3 a2 40. N3b4 Nb6 41. Nxb6 Rxb6 42. Rxa2 Rxa2+ 43. Nxa2 Rf6 44. f3 Rd6 45. Nc3 Rd4 46. Ne2 Ra4 47. Nc3 Ra1 48. Nd1 Kf7 49. Ne3 Ke6 50. Kd2 h5 51. Ke2 Ra2+ 52. Kf1 Ra4 53. h4 Kd6 54. Kf2 Kc5 55. Nd5 Kd4 56. Ne7 Ra2+ 57. Kg3 Ra6 58. Kf2 1/2-1/2

[Event "Mersin op 2nd"]
[Site "Mersin"]
[Date "2017.10.27"]
[Round "8"]
[White "Caputcuoglu, Zeki Berke"]
[Black "Bulut, Muhammed Emin"]
[Result "1-0"]
[WhiteElo "1840"]
[BlackElo "1759"]
[PlyCount "64"]
[EventDate "2017.10.22"]
[EventType "swiss"]
[EventRounds "9"]
[EventCountry "TUR"]
[SourceTitle "CBM 181 Extra"]
[Source "ChessBase"]
[SourceDate "2017.12.12"]
[SourceVersion "1"]
[SourceVersionDate "2017.12.12"]
[SourceQuality "1"]

1. e4 d5 2. exd5 Nf6 3. Bb5+ Bd7 4. Be2 Nxd5 5. d4 e6 6. Nf3 Bd6 7. 0-0 h6 8. Re1 Qf6 9. c4 Nf4 10. Bf1 0-0 11. Nc3 Bc6 12. d5 exd5 13. cxd5 Bd7 14. Ne4 Qg6 15. Bxf4 Bxf4 16. Bd3 Qh5 17. Ng3 Bxg3 18. hxg3 Bg4 19. Qb3 Nd7 20. Rac1 Bxf3 21. gxf3 Ne5 22. Be2 Rfe8 23. f4 Ng4 24. Bxg4 Qxg4 25. Qxb7 h5 26. Re5 h4 27. Qc6 Red8 28. Rg5 Qf3 29. Qf6 g6 30. Rxc7 Qd1+ 31. Kh2 hxg3+ 32. Rxg3 Qxd5 1-0

[Event "Mersin op 2nd"]
[Site "Mersin"]
[Date "2017.10.25"]
[Round "5"]
[White "Incecik, Seyma Zeynep"]
[Black "Bulut, Muhammed Emin"]
[Result "1-0"]
[WhiteElo "1699"]
[BlackElo "1759"]
[PlyCount "87"]
[EventDate "2017.10.22"]
[EventType "swiss"]
[EventRounds "9"]
[EventCountry "TUR"]
[SourceTitle "CBM 181 Extra"]
[Source "ChessBase"]
[SourceDate "2017.12.12"]
[SourceVersion "1"]
[SourceVersionDate "2017.12.12"]
[SourceQuality "1"]

1. e4 d5 2. exd5 Nf6 3. Nf3 Bg4 4. Bb5+ Nbd7 5. c4 a6 6. Ba4 b5 7. cxb5 Nxd5 8. bxa6 Rxa6 9. 0-0 Rf6 10. Ne5 Bxd1 11. Bxd7+ Qxd7 12. Nxd7 Kxd7 13. Rxd1 Nb4 14. Nc3 Nd3 15. Ne4 Rf4 16. f3 e5 17. Kf1 Rxe4 18. fxe4 f5 19. exf5 Bc5 20. Ke2 e4 21. Rf1 Rf8 22. a4 Rf6 23. g3 Bd4 24. Rb1 Rc6 25. b4 Rc2 26. a5 c6 27. g4 Ke7 28. b5 cxb5 29. Ba3+ Kf6 30. Rxb5 Ne5 31. Rc1 Ra2 32. Bc5 Nf3 33. Rb6+ Kg5 34. Bxd4 Rxd2+ 35. Ke3 Rxd4 36. Re6 Ra4 37. Rxe4 Ra3+ 38. Ke2 Nxh2 39. Rc7 Kf6 40. Re6+ Kg5 41. Rxg7+ Kf4 42. f6 Nf3 43. Rd6 Ra2+ 44. Kd1 1-0

[Event "Mersin op 2nd"]
[Site "Mersin"]
[Date "2017.10.24"]
[Round "4"]
[White "Bulut, Muhammed Emin"]
[Black "Atas, Yunus"]
[Result "1/2-1/2"]
[WhiteElo "1759"]
[BlackElo "1819"]
[PlyCount "32"]
[EventDate "2017.10.22"]
[EventType "swiss"]
[EventRounds "9"]
[EventCountry "TUR"]
[SourceTitle "CBM 181 Extra"]
[Source "ChessBase"]
[SourceDate "2017.12.12"]
[SourceVersion "1"]
[SourceVersionDate "2017.12.12"]
[SourceQuality "1"]

1. e4 c5 2. c3 e6 3. d4 d5 4. e5 Nc6 5. Nf3 Bd7 6. Be3 Qb6 7. Qb3 Qxb3 8. axb3 cxd4 9. Bxd4 Nge7 10. Bb5 Nxe5 11. Nxe5 Bxb5 12. Rxa7 Rxa7 13. Bxa7 f6 14. Nf3 Nc6 15. Bb6 Kd7 16. Na3 Bd3 1/2-1/2

[Event "Mersin op 2nd"]
[Site "Mersin"]
[Date "2017.10.23"]
[Round "2"]
[White "Acar, Utku Cengiz"]
[Black "Bulut, Muhammed Emin"]
[Result "1-0"]
[WhiteElo "2050"]
[BlackElo "1759"]
[PlyCount "49"]
[EventDate "2017.10.22"]
[EventType "swiss"]
[EventRounds "9"]
[EventCountry "TUR"]
[SourceTitle "CBM 181 Extra"]
[Source "ChessBase"]
[SourceDate "2017.12.12"]
[SourceVersion "1"]
[SourceVersionDate "2017.12.12"]
[SourceQuality "1"]

1. e4 d5 2. exd5 Nf6 3. d4 Bg4 4. f3 Bf5 5. Bb5+ Nbd7 6. c4 a6 7. Ba4 b5 8. cxb5 Nxd5 9. Ne2 axb5 10. Bxb5 Nb4 11. 0-0 Nc2 12. Ng3 Bg6 13. f4 Nxa1 14. f5 Bxf5 15. Nxf5 e6 16. Qe2 g6 17. Nh6 Bxh6 18. Bxh6 Rxa2 19. Bc4 Ra5 20. Rxf7 Ne5 21. dxe5 Kxf7 22. Qf3+ Ke8 23. Bxe6 Qe7 24. Qc6+ Kd8 25. Bg5 1-0

[Event "TUR Cup"]
[Site "Antalya"]
[Date "2017.02.02"]
[Round "8"]
[White "Dogdu, Mehmet"]
[Black "Bulut, Muhammed Emin"]
[Result "1-0"]
[WhiteElo "2005"]
[BlackElo "1762"]
[PlyCount "49"]
[EventDate "2017.01.28"]
[EventType "swiss"]
[EventRounds "11"]
[EventCountry "TUR"]
[SourceTitle "CBM 176 Extra"]
[Source "ChessBase"]
[SourceDate "2017.03.02"]
[SourceVersion "1"]
[SourceVersionDate "2017.03.02"]
[SourceQuality "1"]

1. e4 d5 2. exd5 Nf6 3. c4 e6 4. dxe6 Bxe6 5. Nf3 Qe7 6. Qe2 Nc6 7. d4 0-0-0 8. d5 Nb4 9. a3 Bf5 10. axb4 Qxb4+ 11. Qd2 Re8+ 12. Be2 Qxc4 13. Nc3 Bd3 14. b3 Rxe2+ 15. Nxe2 Qe4 16. Ra4 Qxe2+ 17. Qxe2 Bxe2 18. Kxe2 Nxd5 19. Bb2 Bc5 20. Rd1 Re8+ 21. Kf1 c6 22. Bxg7 f6 23. Rc4 b6 24. g3 Re7 25. Bf8 1-0

[Event "TUR Cup"]
[Site "Antalya"]
[Date "2017.02.01"]
[Round "7"]
[White "Bulut, Muhammed Emin"]
[Black "Yigit, Ahmet Yasir"]
[Result "1/2-1/2"]
[WhiteElo "1762"]
[BlackElo "1943"]
[PlyCount "80"]
[EventDate "2017.01.28"]
[EventType "swiss"]
[EventRounds "11"]
[EventCountry "TUR"]
[SourceTitle "CBM 176 Extra"]
[Source "ChessBase"]
[SourceDate "2017.03.02"]
[SourceVersion "1"]
[SourceVersionDate "2017.03.02"]
[SourceQuality "1"]

1. e4 d5 2. exd5 Qxd5 3. Nc3 Qd8 4. d4 Nf6 5. Bc4 e6 6. Nf3 Be7 7. Be3 Nbd7 8. Qd2 Nb6 9. Bd3 Nbd5 10. Nxd5 Nxd5 11. 0-0 0-0 12. c4 Nxe3 13. fxe3 f5 14. Rad1 c5 15. Bc2 cxd4 16. exd4 Qb6 17. Bb3 Bf6 18. c5 Qc6 19. Qe3 Kh8 20. Ne5 Qc7 21. Rxf5 b6 22. Rh5 Bxe5 23. Rxe5 bxc5 24. dxc5 Rb8 25. Re1 h6 26. h3 Rf6 27. Qd3 Bd7 28. Bc2 Kg8 29. Qh7+ Kf8 30. Bg6 Rxg6 31. Qxg6 Rxb2 32. Rf1+ Kg8 33. Qf7+ Kh7 34. Re4 Qxc5+ 35. Kh1 Bc6 36. Rg4 Qe5 37. Qg6+ Kg8 38. Qf7+ Kh8 39. Qg6 Kg8 40. Qf7+ Kh7 1/2-1/2

[Event "Manavgat Turkey Cup"]
[Site "Manavgat"]
[Date "2015.02.07"]
[Round "11"]
[White "Keskin, Cengiz"]
[Black "Bulut, Muhammed Emin"]
[Result "1/2-1/2"]
[WhiteElo "1521"]
[BlackElo "1678"]
[PlyCount "164"]
[EventDate "2015.01.31"]
[EventType "swiss"]
[EventRounds "11"]
[EventCountry "TUR"]
[SourceTitle "CBM 164 Extra"]
[Source "ChessBase"]
[SourceDate "2015.03.02"]
[SourceVersion "1"]
[SourceVersionDate "2015.03.02"]
[SourceQuality "1"]

1. d4 Nf6 2. Bf4 e6 3. e3 d5 4. Bd3 Bd6 5. Ne2 c5 6. c3 Nc6 7. Nd2 c4 8. Bc2 Nh5 9. Bxd6 Qxd6 10. e4 g6 11. e5 Qe7 12. g4 Ng7 13. h4 Bd7 14. Ng3 0-0-0 15. f4 f5 16. g5 h5 17. Qf3 Kc7 18. Ngf1 b5 19. Ne3 b4 20. Qxd5 exd5 21. Nxd5+ Kb8 22. Nxe7 Nxe7 23. Nxc4 Nd5 24. Nd6 Be6 25. 0-0 Ne3 26. Rfc1 Bd5 27. Kf2 Rxd6 28. Kxe3 Rb6 29. c4 Bxc4 30. Ba4 Rc8 31. b3 Bb5 32. d5 Bxa4 33. bxa4 Rd8 34. Rc5 b3 35. a3 b2 36. Rb1 Rb3+ 37. Ke2 Ka8 38. e6 Rxd5 39. Rxd5 Nxe6 40. Rd2 Nxf4+ 41. Kd1 Kb7 42. Kc2 Rh3 43. Rxb2+ Kc6 44. Kb1 Rxh4 45. Rbc2+ Kb6 46. Rd8 Nh3 47. Rb8+ Ka5 48. Rc7 a6 49. Ra7 Rc4 50. Kb2 Rc6 51. Rb4 Nxg5 52. Kb3 Rb6 53. Kc4 Ne4 54. Rb5+ Rxb5 55. axb5 Nd6+ 56. Kc5 Nxb5 57. Rg7 Nxa3 58. Rxg6 Nc2 59. Rg5 Ka4 60. Rxf5 h4 61. Rf4+ Kb3 62. Rxh4 a5 63. Rh3+ Ka4 64. Rc3 Nb4 65. Kc4 Na2 66. Rb3 Nb4 67. Rb1 Ka3 68. Ra1+ Na2 69. Kb5 a4 70. Kc4 Kb2 71. Rh1 a3 72. Rg1 Nc1 73. Rg2+ Kb1 74. Kc3 a2 75. Rb2+ Ka1 76. Rb8 Ne2+ 77. Kd2 Nc3 78. Kc2 Nd5 79. Kc1 Nb4 80. Rh8 Nc2 81. Rb8 Nd4 82. Kd1 Nb3 1/2-1/2

[Event "Manavgat Turkey Cup"]
[Site "Manavgat"]
[Date "2015.01.31"]
[Round "1"]
[White "Afyoncu, Omer"]
[Black "Bulut, Muhammed Emin"]
[Result "1-0"]
[WhiteElo "2088"]
[BlackElo "1678"]
[PlyCount "79"]
[EventDate "2015.01.31"]
[EventType "swiss"]
[EventRounds "11"]
[EventCountry "TUR"]
[SourceTitle "CBM 164 Extra"]
[Source "ChessBase"]
[SourceDate "2015.03.02"]
[SourceVersion "1"]
[SourceVersionDate "2015.03.02"]
[SourceQuality "1"]

1. e4 d5 2. exd5 Nf6 3. Bb5+ Bd7 4. Bxd7+ Qxd7 5. c4 c6 6. Nf3 cxd5 7. cxd5 Nxd5 8. 0-0 Nc6 9. Nc3 0-0-0 10. d4 f6 11. Qb3 g5 12. Ne4 e6 13. Rd1 g4 14. Ne1 f5 15. Nc5 Bxc5 16. dxc5 f4 17. Bxf4 e5 18. Bg5 Nd4 19. Rxd4 exd4 20. Bxd8 Rxd8 21. Nd3 Re8 22. Rc1 Qe6 23. g3 Nc7 24. Qxe6+ Rxe6 25. Nf4 Rc6 26. Rc4 b6 27. b4 a5 28. a3 Nb5 29. Nd5 d3 30. Nxb6+ Kb7 31. Rc1 Nd4 32. Rd1 Nf3+ 33. Kg2 Rh6 34. h4 gxh3+ 35. Kxf3 d2 36. Ke2 Rf6 37. Nd5 Re6+ 38. Ne3 Re4 39. bxa5 Ra4 40. Rxd2 1-0

[Event "TUR-ch"]
[Site "Antalya"]
[Date "2013.02.03"]
[Round "3"]
[White "Bulut, Muhammed Emin"]
[Black "Dedebas, Emre Emin"]
[Result "0-1"]
[WhiteElo "1631"]
[BlackElo "1848"]
[PlyCount "74"]
[EventDate "2013.02.02"]
[EventType "swiss"]
[EventRounds "11"]
[EventCountry "TUR"]
[SourceTitle "CBM 152 Extra"]
[Source "ChessBase"]
[SourceDate "2013.02.25"]
[SourceVersion "1"]
[SourceVersionDate "2013.02.25"]
[SourceQuality "1"]

1. e4 c5 2. Nf3 Nc6 3. d4 cxd4 4. Nxd4 g6 5. Nc3 Bg7 6. Be3 Nf6 7. f4 d6 8. h3 Nh5 9. g4 Ng3 10. Rg1 Nxf1 11. Rxf1 0-0 12. Nf3 Bd7 13. Qd2 Na5 14. b3 Nc6 15. Nd4 Qa5 16. Nxc6 Bxc6 17. Bd4 e5 18. fxe5 dxe5 19. Bf2 Rad8 20. Qe3 Bh6 21. Qc5 Bd2+ 22. Ke2 Qxc3 23. Rfd1 Bxe4 24. Qxc3 Bxc3 25. Bh4 Bxa1 26. Bxd8 Bd4 27. Bf6 Bc6 28. h4 Bd7 29. Kf3 h5 30. gxh5 gxh5 31. Kg3 Bg4 32. Rd3 Re8 33. c3 Bb6 34. a4 e4 35. Rd5 e3 36. Rg5+ Kh7 37. Rg7+ Kh6 0-1

[Event "TUR-ch"]
[Site "Antalya"]
[Date "2013.02.02"]
[Round "1"]
[White "Bulut, Muhammed Emin"]
[Black "Kirali, Mehmet"]
[Result "0-1"]
[WhiteElo "1631"]
[BlackElo "2005"]
[PlyCount "58"]
[EventDate "2013.02.02"]
[EventType "swiss"]
[EventRounds "11"]
[EventCountry "TUR"]
[SourceTitle "CBM 152 Extra"]
[Source "ChessBase"]
[SourceDate "2013.02.25"]
[SourceVersion "1"]
[SourceVersionDate "2013.02.25"]
[SourceQuality "1"]

1. e4 c6 2. d4 d5 3. exd5 cxd5 4. Nc3 Nf6 5. Nf3 a6 6. Bf4 Nc6 7. h3 Bf5 8. Bd3 Bxd3 9. Qxd3 e6 10. a3 Be7 11. g4 0-0 12. 0-0-0 Rc8 13. Bd2 Na5 14. Ne2 Ne4 15. Ng3 Nxf2 16. Qe3 Nxd1 17. Rxd1 Nc4 18. Qd3 Qb6 19. Bc3 Rc7 20. h4 Rfc8 21. Ng5 g6 22. Nxh7 Kxh7 23. h5 Bg5+ 24. Kb1 Nxa3+ 25. Ka2 Rxc3 26. hxg6+ fxg6 27. Qf1 Qc7 28. bxc3 Nc4 29. Qh3+ Kg7 0-1